000 00757nam a2200253 4500
001 10763
003 ES-MaACL
005 20240607062951.0
007 t|
008 000000s19860000sp ||||0| spa d
016 7 _zIBH8705209784
020 _a84-505-3869-6
040 _aIBH
_bspa
_cM-BN-DP
080 _a860-14"19"
100 1 _aLuis, Leopoldo de,
_d1918-2005
_974682
245 1 0 _aOtra vez con el ala en los cristales /
_cLeopoldo de Luis.
260 _aCádiz :
_bDiputación Provincial,
_c1986.
300 _a89 p ;
_c21 cm.
490 1 _aArenal ;
_v15
710 1 _aCádiz (Provincia).
_bDiputación Provincial.
_92268
830 0 _aArenal ;
_v15
_9186420
852 _aES-MaACL
_jL-18178
_bR.122883
999 _c10763
_d10763